<?xml version="1.0" encoding="UTF-8"?>
<collection xmlns="http://www.loc.gov/MARC21/slim">
 <record>
  <leader>02996nam a2200313 a 4500</leader>
  <controlfield tag="001">1/44665</controlfield>
  <controlfield tag="008">140624s2003    us            001 0 eng  </controlfield>
  <datafield tag="020" ind1=" " ind2=" ">
   <subfield code="a">9780750647908</subfield>
  </datafield>
  <datafield tag="020" ind1=" " ind2=" ">
   <subfield code="a">0750647906</subfield>
  </datafield>
  <datafield tag="035" ind1=" " ind2=" ">
   <subfield code="l">47619</subfield>
  </datafield>
  <datafield tag="040" ind1=" " ind2=" ">
   <subfield code="a">OPELS</subfield>
   <subfield code="b">eng</subfield>
   <subfield code="c">OPELS</subfield>
   <subfield code="d">OCLCG</subfield>
   <subfield code="d">OCLCQ</subfield>
   <subfield code="d">OCLCA</subfield>
   <subfield code="d">OCLCQ</subfield>
   <subfield code="d">OCLCO</subfield>
   <subfield code="d">OCLCA</subfield>
   <subfield code="d">OCLCF</subfield>
   <subfield code="d">GR-PeUP</subfield>
  </datafield>
  <datafield tag="100" ind1="1" ind2=" ">
   <subfield code="a">Campbell, John,</subfield>
   <subfield code="d">1938-</subfield>
  </datafield>
  <datafield tag="245" ind1="1" ind2="0">
   <subfield code="a">Castings principles</subfield>
   <subfield code="h">[electronic resource] :</subfield>
   <subfield code="b">the new metallurgy of cast metals /</subfield>
   <subfield code="c">John Campbell.</subfield>
  </datafield>
  <datafield tag="250" ind1=" " ind2=" ">
   <subfield code="a">2nd ed.</subfield>
  </datafield>
  <datafield tag="260" ind1=" " ind2=" ">
   <subfield code="a">Burlington, Mass. :</subfield>
   <subfield code="b">Butterworth Heinemann,</subfield>
   <subfield code="c">2003.</subfield>
  </datafield>
  <datafield tag="300" ind1=" " ind2=" ">
   <subfield code="a">1 online resource.</subfield>
  </datafield>
  <datafield tag="520" ind1=" " ind2=" ">
   <subfield code="a">This is the key publication for professionals and students in the metallurgy and foundry field. Fully revised and expanded, Castings Second Edition covers the latest developments in the understanding of the role of the liquid metal in controlling the properties of cast materials, and indeed, of all metallic materials that have started in the cast form. Practising foundry engineers, designers, and students will find the revealing insights into the behaviour of castings essential in developing their inderstanding and practice. John Campbell OBE is a leading international figure in the castings industry, with over four decades of experience. He is the originator of the Cosworth Casting Process, the pre-eminent production process for automobile cylinder heads and blocks. He is also co-inventor of both the Baxi Casting Process (now owned by Alcoa) developed in the UK, and the newly emerging Alotech Casting Process in the USA. He is Professor of Casting Technology at the University of Birmingham, UK. * New edition of this internationally respected reference and textbook for engineers and students; * Develops understanding of the concepts and practice of casting operations; * 'Castings' is the key work on castings technology and process metallurgy, and an essential resource on contemporary developments and thinking on the new metallurgy of cast alloys; * Revised and updated throughout, with new material on subjects including surface turbulence, the new theory of entrainment defects including folded film defects, plus the latest concepts of alloy theory.</subfield>
  </datafield>
  <datafield tag="505" ind1="0" ind2=" ">
   <subfield code="a">Preface; Dedication; Introduction; The melt; Entrainment; Flow; The mould; Solidification structure; Gas porosity; Solidification shrinkage; Linear contraction; Structure, defects and properties of the finished casting; Processing; Environmental interactions; References; Index.</subfield>
  </datafield>
  <datafield tag="500" ind1=" " ind2=" ">
   <subfield code="a">Rev. ed. of: Castings. 1991.</subfield>
  </datafield>
  <datafield tag="500" ind1=" " ind2=" ">
   <subfield code="a">Includes index.</subfield>
  </datafield>
  <datafield tag="504" ind1=" " ind2=" ">
   <subfield code="a">Includes bibliographical references and index.</subfield>
  </datafield>
  <datafield tag="650" ind1=" " ind2="4">
   <subfield code="a">Founding.</subfield>
  </datafield>
  <datafield tag="650" ind1=" " ind2="4">
   <subfield code="a">Metal castings.</subfield>
  </datafield>
  <datafield tag="655" ind1=" " ind2="4">
   <subfield code="a">Electronic books.</subfield>
  </datafield>
  <datafield tag="700" ind1="1" ind2=" ">
   <subfield code="a">Campbell, John,</subfield>
   <subfield code="c">MAFS.</subfield>
   <subfield code="t">Castings.</subfield>
  </datafield>
  <datafield tag="852" ind1=" " ind2=" ">
   <subfield code="a">INST</subfield>
   <subfield code="b">UNIPILB</subfield>
   <subfield code="c">EBOOKS</subfield>
   <subfield code="e">20140624</subfield>
   <subfield code="p">00b47619</subfield>
   <subfield code="q">00b47619</subfield>
   <subfield code="t">ONLINE</subfield>
   <subfield code="y">0</subfield>
  </datafield>
  <datafield tag="856" ind1="4" ind2="0">
   <subfield code="3">ScienceDirect</subfield>
   <subfield code="u">http://www.sciencedirect.com/science/book/9780750647908</subfield>
  </datafield>
  <datafield tag="856" ind1="4" ind2=" ">
   <subfield code="d">/webopac/covers/03/47619_9780750647908.jpg</subfield>
  </datafield>
  <datafield tag="856" ind1="4" ind2=" ">
   <subfield code="d">/webopac/covers/03/47619_0750647906.jpg</subfield>
  </datafield>
 </record>
</collection>
